[Event "DVM U10 2020"]
[Site "Magdeburg GER"]
[Date "2021.08.08"]
[Round "7"]
[White "Ecke, Erik"]
[Black "Dotterweich, Jonathan Anton"]
[Result "1-0"]
[Termination "normal"]
[Board "18.4"]
[WhiteElo "803"]
[BlackElo "750"]
[WhiteTeam "Schachfreunde Hettstedt"]
[BlackTeam "TSV Bindlach Aktionär"]
[PlyCount "73"]
[WhiteFideId "16289420"]
[EventCountry "GER"]
[EventRounds "7"]
[EventType "team-swiss"]
[EventDate "2021.08.06"]

{[%evp 0,65,19,18,18,11,11,8,8,19,25,54,76,14,31,12,34,17,23,23,33,42,119,117,
125,118,122,105,133,131,146,109,121,130,128,117,117,10,197,32,142,-152,167,159,
237,240,251,225,295,257,283,292,296,258,904,944,947,857,858,875,1003,951,1324,
974,29989,1150,29993,1124] normal} 1. e4 e5 2. Nf3 Nc6 3. Nc3 Nf6 4. Bb5 a6 5.
Bxc6 dxc6 6. d3 Bg4 7. O-O Bb4 8. Bd2 O-O 9. a3 Bxc3 10. Bxc3 h6 11. Bxe5 Nd7
12. Bc3 Re8 13. Re1 b5 14. a4 f6 15. Re3 Ne5 16. Bxe5 fxe5 17. Ra3 b4 18. Rb3
Qf6 19. d4 Qg6 20. c4 Bh3 21. Ne1 exd4 22. Rxh3 Qxe4 23. Nd3 c5 24. f3 Qe3+ 25.
Kf1 Re7 26. f4 Rae8 27. Rxe3 dxe3 28. Ke1 e2 29. Qc2 Kh7 30. Ne5+ Kh8 31. Re3
g6 32. g3 Kg7 33. Qd3 Kh8 34. Nxg6+ Kg7 35. Nxe7 Kf7 36. Qg6+ Kf8 37. Qg8# 1-0

[Event "DVM U10 2020"]
[Site "Magdeburg GER"]
[Date "2021.08.08"]
[Round "7"]
[White "Nguyen Duc, Tien Dat"]
[Black "Wisniewski, Wojciech"]
[Result "1-0"]
[Termination "normal"]
[Board "19.1"]
[WhiteElo "950"]
[BlackElo "828"]
[WhiteTeam "SAV Torgelow-Drögeheide 90"]
[BlackTeam "Elmshorner SC von 1896"]
[PlyCount "117"]
[EventCountry "GER"]
[EventRounds "7"]
[EventType "team-swiss"]
[EventDate "2021.08.06"]

{[%evp 0,54,19,18,33,44,55,50,53,62,96,96,110,111,122,129,131,120,120,97,94,
102,140,130,157,107,138,-328,-262,-282,-116,-112,-114,-111,-99,-92,-40,-64,-63,
-65,-68,-86,0,-92,-94,-96,-98,-98,-99,-89,-96,-89,-53,-53,-49,-67,-40] normal}
1. e4 d5 2. exd5 Qxd5 3. Nc3 Qa5 4. d4 c6 5. Nf3 e6 6. Bd3 Bd6 7. Bd2 Qc7 8.
Ne4 Nf6 9. Nxf6+ gxf6 10. O-O e5 11. Re1 Nd7 12. Bf5 Nb6 13. Ba5 Bxf5 14. c4
Qd7 15. c5 Bxc5 16. dxc5 Qxd1 17. Raxd1 Nc4 18. Nd4 Bg4 19. f3 Bd7 20. Bc3 Rg8
21. Kh1 O-O-O 22. Nc2 Bf5 23. Ne3 Nxe3 24. Rxd8+ Rxd8 25. Rxe3 Rd3 26. Rxd3
Bxd3 27. h4 e4 28. fxe4 Bxe4 29. Kh2 f5 30. Kg3 Kd7 31. Kf4 Bd3 32. Kg5 Ke6 33.
Kh6 f4 34. Kg5 Bc4 35. b3 Bf1 36. Kxf4 Bxg2 37. Kg5 Be4 38. Kf4 f5 39. Kg5 a6
40. h5 b5 41. cxb6 c5 42. Kh6 f4 43. Be1 f3 44. Kg5 Ke5 45. Bf2 a5 46. Kg4 a4
47. Kg3 axb3 48. axb3 Kf5 49. Kh4 Kf4 50. Kh3 Kf5 51. Kh4 Kf4 52. h6 Kf5 53.
Kh5 Kf4 54. Kh4 Kf5 55. Kg3 Ke5 56. Bxc5 Kd5 57. b7 Kxc5 58. b8=Q Kd4 59. Qd6+
1-0